Air

Bibliographic Details
Main Author: Sauvain, Philip
Format: Book
Published: Oxford : Heinemann , 1991
Series:The way it works
Subjects:

MARC

LEADER 00000cam a2200000 7i4500
001 0000001272
002 000001401
005 20060208.0
020 |a 0431007489 
090 0 0 |a 030   |b WAY 
100 1 |a Sauvain, Philip 
245 1 0 |a Air   |c Philip Sauvain 
260 |a Oxford :   |b Heinemann ,   |c 1991 
300 |a 48p. ;   |c 23cm. 
490 0 |a The way it works 
650 0 0 |a Air   |x Juvenile literature 
999 |a 030996   |b BUKU   |c JUNIOR BOOKS   |e PERPUSTAKAAN KOMUNITI PETALING JAYA